000 00860nam a2200229 a 4500
001 80065
003 BD-RjUL
005 20220630154204.0
008 220630s2020 bg ||||| |||| 00| 0 ben d
020 _a9847000003775
035 _a(BD-RjUL)80065
040 _aBD-RjUL
_beng
_cBD-RjUL
041 _aben
082 _223
_a305.42
_bHAM 2020
100 _aহাসান, জাহিরুল
_91490
245 _aমুসলিম নারী :
_bরোকেয়া এবং তাঁর আগে পরে /
_cজাহিরুল হাসান
260 _aঢাকা :
_bজাতীয় সাহিত্য প্রকাশ,
_c২০২০
300 _a২০৭ পৃ.;
_c২২ সেমি.
650 _aনারী
_xসামাজিক অবস্থা
_9883
650 _aWomen
_xSocial conditions
_9882
942 _2ddc
_cBK
999 _c80065
_d80065